000 00247nam a22001217a 4500
041 _aENG
100 _aPawar Daya
245 _aBalut
260 _aMubai
_bGranthali Prakashan
_c2010
300 _a192
650 _aMarathi
856 _uMarathi ( 33 )
999 _c2241
_d2241